| 000 | 00662nam a2200229 a 4500 | ||
|---|---|---|---|
| 001 | 72954 | ||
| 003 | BD-RjUL | ||
| 005 | 20211209082330.0 | ||
| 008 | 170525s1967 enk b 001 0 eng d | ||
| 035 | _a(BD-RjUL)73172 | ||
| 040 |
_aDLC _cDLC _dDLC _dBD-RjUL _beng |
||
| 041 | _aeng | ||
| 082 | 0 | 0 |
_223 _a579.6 _bKAM 1967 |
| 100 | 1 |
_aKavaler, Lucy. _9215780 |
|
| 245 | 1 | 0 |
_aMushrooms, moulds and miracles : _bthe strange realm of fungi / _cLucy Kavaler |
| 260 |
_aLondon : _bHarrap, _cc1967. |
||
| 300 |
_a240 p. ; _c21 cm |
||
| 504 | _aIncludes bibliography(p. 229-231) and index | ||
| 650 | 0 |
_aMushrooms _9215781 |
|
| 942 |
_2ddc _cBK |
||
| 999 |
_c72954 _d72954 |
||